Cody Gakpo Goals - Statistics

General Stats
  • This quiz has been taken 7 times
    5 since last reset
  • The average score is 12 of 24
Answer Stats
Goals Current League Team % Correct
1 Premier League Manchester City
100%
3 Premier League Manchester Utd
100%
2 Premier League Fulham
80%
1 Premier League Arsenal
60%
2 Premier League Bournemouth
60%
3 Premier League Brighton
60%
1 Premier League Everton
60%
2 Austrian Bundesliga LASK
60%
1 League One Luton Town
60%
2 Premier League Newcastle
60%
1 Eredivisie PSV Eindhoven
60%
1 La Liga Real Madrid
60%
4 Premier League Tottenham
60%
1 Premier League Brentford
40%
2 Championship Ipswich Town
40%
1 Premier League Leeds
40%
2 Championship Leicester City
40%
1 Championship Southampton
40%
5 Premier League West Ham
40%
1 Premier League Wolves
40%
1 Premier League Aston Villa
20%
1 Bundesliga Bayer Leverkusen
20%
1 Championship Sheffield Utd
20%
2 Czech First League Sparta Prague
0%
No matching quizzes found
Score Distribution
Percent of People with Each Score
Percentile by Number Answered
Your Score History
You have not taken this quiz since the last reset